LDR 01096naa#a2200253#i#450# 001 EN\\bibl\120549 005 20260426085315.7 011 ## _a0235-2524 100 ## _a20260416b2026####ek#y0engy0150####ca 102 ## _aRU 200 1# _aClassification of reclaimed land taking into account of soil erosion in the geographic information system _eJournal article 210 1# _aMoscow _cANO Editorial Board Melioration and water management _d2026 215 ## _a5 с. 606 ## _aСельское хозяйство. 35.06.01 _2local 608 ## _aJournal article _2local 675 ## _aСельскохозяйственная мелиорация. 631.6 _z 686 ## _aЕстественнонаучные и технические основы сельского хозяйства. 40 _2bbk 686 ## _aСельскохозяйственная мелиорация. 5607 _2tbk 686 ## _aСельскохозяйственная мелиорация. 68.31 _2grnti 700 #1 _aMazurova _gIrina Sergeevna 700 #1 _a _g 700 #1 _a _g 700 #1 _aStepanova _gTat'yana Georgievna 856 4# _amivh.editorum.ru _u